00539 2200205 4500001002100000005001500021035002000036007000300056008004100059020001500100082001000115084001400125100002300139245006500162250001000227260003100237300003600268650001700304990001200321INLIS00000000001213820220624025845 a0010-0622000648ta220624 g 0 ind  a9790822421 a746.2 a746.2 COV0 aCOVALIMAWATI,Iprih1 aAmigurumi :baneka kreasi boneka rajut /cIprih Covalimawati acet.1 aJakarta; :bDemedia,c2015 a72 hlm :b.ilus ;c17,5 x 24 cm 4aBONEKA RAJUT a15168 a